000 00763nam a22002297a 4500
003 0
005 20251021143707.0
008 251021b xxu||||| |||| 00| 0 eng d
020 _a979-8-88836-752-0
050 _aHB 615
_b.B87 2025
100 _aBurton, Gabe,
_eauthor.
245 _aEntrepreneurship :
_ba contemporary and global approach /
_cGabe Burton.
260 _aNew York, NY :
_bLarsen and Keller Education,
_c2025.
300 _aviii, 244 pages :
_bcolored illustrations ;
_c27 cm.
504 _aIncludes bibliographical reference and index.
650 _aEntrepreneurship.
650 _aEntrepreneurship
_vManagement.
650 _aSmall business
_vManagement.
650 _aBusinesspeople.
650 _aIndustrial management.
942 _2lcc
_cBK
999 _c368316
_d368316